000 00488nam a22001817a 4500
003 CEME
005 20210628204044.0
008 210107b xxu||||| |||| 00| 0 eng d
020 _a9788131206782
040 _cceme
082 _a621.317 BOS
100 _aBose, Bimal.K
_962357
245 _aPower electronics and motor drives , advances and trends
260 _aINDIA
_bELSEVIER
_c2006
300 _aXVI, 917P
650 _aPOWER ELECTRONICS.MOTOR DRIVES.
_968488
942 _cBK
_2ddc
999 _c576054
_d576054